• 首页
  • 本馆介绍
  • 公告通知
  • 最新文献
  • 馆藏检索
  • 电子资源
  • 读者导购
  • 参考咨询
  • 我的图书馆
  • 登录
  • 详细信息显示
  • 放入我的书架
  • 预约/预借图书
  • 作者相关作品
  • 分类相关作品
  • 丛书相关作品
  • 出版社相关作品

书目信息

  • 表格格式
  • 工作单格式
  • 卡片格式
题名:
中国文学简史
    
 
作者: 林庚 著
分册:  
出版信息: 北京   北京大学出版社  1988.9
页数: 317页
开本: 20cm
丛书名:
单 册:
中图分类: I206.09
科图分类:
主题词: 文学--中国
电子资源:
ISBN: 7-301-00297-1
000 00541nam0 2200193 45
001 0312221749
005 20040422155746.4
010    @dCNY4.55@a7-301-00297-1
100    @a20031222d1988 km y0chiy0120 ea
101    @achi
105    @a z 000yy
200 1  @a中国文学简史@AZhong Guo Wen Xue Jian Shi@f林庚著@FLin Geng Zhu@e先秦至唐代
210    @a北京@c北京大学出版社@d1988.9
215    @a317页@d20cm
606 0  @a文学@x中国
690    @aI206.09@v3
701 0  @a林庚@4著
801    @aCN@bTSTCL@c20031222
905    @dI206.09@e7@f2@b226343-344
    
    中国文学简史/林庚著:先秦至唐代.-北京:北京大学出版社,1988.9
    317页;20cm
    
    
    ISBN 7-301-00297-1:CNY4.55
    
●
相关链接 在E读中查询图书 在五车中查询图书 在当当中查询图书 在豆瓣中查询图书


正题名:中国文学简史     索取号:I206.09/7         预约/预借

序号 登录号 条形码 馆藏地/架位号 状态 备注
1 0226343   000667273   第二借阅区/ [索取号:I206.09/7] 在馆    
2 0226344   000667353   第二借阅区/ [索取号:I206.09/7] 在馆    
3 0226345   000667282   第一样本阅览室/ [索取号:I206.09/7] 在馆    
唐山师范学院图书馆 欢迎您!
大连网信软件有限公司© 版权所有